[Event "Orlická šachovnice 2022"]
[Site "Usti nad Orlici"]
[Date "2022.04.09"]
[Round "5.1"]
[White "Dusanek, Michal"]
[Black "Stary, Vojtech"]
[Result "1-0"]
[WhiteElo "1725"]
[BlackElo "1563"]
[PlyCount "93"]
[EventDate "2022.04.09"]

{[%evp 0,20,23,17,56,56,88,66,65,26,26,26,95,78,57,44,41,-28,-28,-26,-26,-21,
-42]} 1. e4 {[%emt 0:00:02]} c5 {[%emt 0:00:01]} 2. Nf3 {[%emt 0:00:02]} d6 {
[%emt 0:00:01]} 3. d4 {[%emt 0:00:05]} cxd4 4. Nxd4 {[%emt 0:00:01]} Nf6 {
[%emt 0:00:01]} 5. Nc3 {[%emt 0:00:06]} g6 {[%emt 0:00:01]} 6. Be3 {[%emt 0:00:
17]} Bg7 {[%emt 0:00:01]} 7. Qd2 {[%emt 0:00:18]} Ng4 {[%emt 0:00:25]} 8. Be2 {
[%emt 0:00:35]} Nxe3 {[%emt 0:00:04]} 9. Qxe3 {[%emt 0:00:01]} O-O {[%emt 0:00:
08]} 10. O-O {[%emt 0:00:13]} Nc6 {[%emt 0:00:06]} 11. Nb3 {[%emt 0:01:56]} Bd7
{[%emt 0:00:22]} 12. f4 {[%emt 0:00:29]} Rc8 {[%emt 0:00:43]} 13. f5 {[%emt 0:
01:02]} b6 {[%emt 0:00:43]} 14. g4 {[%emt 0:00:52]} Ne5 {[%emt 0:00:26]} 15. g5
{[%emt 0:00:54]} Nc4 {[%emt 0:02:18]} 16. Bxc4 {[%emt 0:00:36]} Rxc4 {[%emt 0:
00:08]} 17. Rf3 {[%emt 0:01:06]} Be5 {[%emt 0:04:45]} 18. Raf1 a5 {[%emt 0:01:
37]} 19. Kh1 {[%emt 0:00:28]} gxf5 {[%emt 0:01:01]} 20. Nd2 {[%emt 0:00:35]} f4
{[%emt 0:00:34]} 21. Qe2 {[%emt 0:00:40]} Rc8 {[%emt 0:00:09]} 22. Nc4 {
[%emt 0:00:41]} b5 {[%emt 0:00:32]} 23. Nxe5 {[%emt 0:00:13]} dxe5 {[%emt 0:00:
01]} 24. Nxb5 {[%emt 0:00:15]} Bxb5 {[%emt 0:00:19]} 25. Qxb5 {[%emt 0:00:02]}
Rxc2 {[%emt 0:00:09]} 26. Qxe5 {[%emt 0:00:01]} Qd2 {[%emt 0:00:03]} 27. Qxf4 {
[%emt 0:00:20]} Qxf4 {[%emt 0:00:01]} 28. Rxf4 {[%emt 0:00:01]} Rxb2 29. R4f2 {
[%emt 0:00:07]} Rxf2 {[%emt 0:00:03]} 30. Rxf2 Rb8 {[%emt 0:00:02]} 31. Kg2 {
[%emt 0:00:06]} Kg7 {[%emt 0:00:01]} 32. Rc2 {[%emt 0:00:04]} Rb4 {[%emt 0:00:
04]} 33. Kf3 {[%emt 0:00:03]} Kg6 {[%emt 0:00:01]} 34. Kf4 {[%emt 0:00:03]} e5+
{[%emt 0:00:02]} 35. Kxe5 {[%emt 0:00:02]} Kxg5 {[%emt 0:00:02]} 36. Rg2+ {
[%emt 0:00:02]} Kh6 {[%emt 0:00:02]} 37. Rg3 {[%emt 0:00:07]} Rb5+ 38. Kf6 {
[%emt 0:00:02]} Rb6+ {[%emt 0:00:03]} 39. Kxf7 {[%emt 0:00:01]} Kh5 {[%emt 0:
00:03]} 40. e5 {[%emt 0:00:03]} a4 {[%emt 0:00:04]} 41. e6 {[%emt 0:00:03]}
Rb7+ {[%emt 0:00:02]} 42. e7 {[%emt 0:00:01]} Kh6 {[%emt 0:00:03]} 43. Kf8 {
[%emt 0:00:02]} a3 {[%emt 0:00:08]} 44. e8=Q {[%emt 0:00:03]} Rf7+ {[%emt 0:00:
03]} 45. Kxf7 {[%emt 0:00:04]} Kh5 {[%emt 0:00:03]} 46. Qe5+ {[%emt 0:00:03]}
Kh4 {[%emt 0:00:02]} 47. Qg5# {[%emt 0:00:01]} 1-0

[Event "Orlická šachovnice 2022"]
[Site "Usti nad Orlici"]
[Date "2022.04.09"]
[Round "5.2"]
[White "Kobr, Matej"]
[Black "Shvachko, Gleb"]
[Result "1/2-1/2"]
[WhiteElo "1508"]
[BlackElo "1723"]
[PlyCount "80"]
[EventDate "2022.04.09"]

{[%evp 0,26,23,23,23,23,24,-16,4,-11,23,2,30,36,44,42,70,48,85,59,50,26,53,19,
14,0,11,-49,-35]} 1. d4 {[%emt 0:00:03]} d5 {[%emt 0:00:04]} 2. Nf3 {[%emt 0:
00:01]} Nf6 {[%emt 0:00:02]} 3. c4 {[%emt 0:00:02]} e6 {[%emt 0:00:01]} 4. Nc3
{[%emt 0:00:04]} c6 {[%emt 0:00:02]} 5. Bg5 {[%emt 0:00:05]} Be7 {[%emt 0:00:
01]} 6. e3 {[%emt 0:00:02]} Nbd7 7. Bd3 {[%emt 0:00:12]} O-O {[%emt 0:00:03]}
8. O-O {[%emt 0:00:02]} a6 {[%emt 0:00:09]} 9. cxd5 {[%emt 0:00:16]} cxd5 {
[%emt 0:00:05]} 10. Rc1 {[%emt 0:00:27]} b6 {[%emt 0:00:21]} 11. Qd2 {[%emt 0:
00:29]} Bb7 {[%emt 0:00:02]} 12. Rc2 {[%emt 0:00:14]} Ne4 {[%emt 0:00:06]} 13.
Bxe4 {[%emt 0:00:55]} dxe4 {[%emt 0:00:13]} 14. Bxe7 {[%emt 0:00:10]} Qxe7 {
[%emt 0:00:02]} 15. Ne5 {[%emt 0:00:25]} Nxe5 {[%emt 0:00:02]} 16. dxe5 Rfd8 {
[%emt 0:00:05]} 17. Qe2 {[%emt 0:00:07]} a5 {[%emt 0:00:04]} 18. Rd1 {[%emt 0:
00:11]} Ba6 {[%emt 0:00:13]} 19. Rxd8+ {[%emt 0:00:12]} Qxd8 {[%emt 0:00:05]}
20. Qe1 {[%emt 0:02:04]} Rc8 {[%emt 0:00:16]} 21. Rd2 {[%emt 0:00:22]} Qg5 {
[%emt 0:00:42]} 22. Nxe4 {[%emt 0:01:53]} Qxe5 {[%emt 0:00:04]} 23. Qd1 {
[%emt 0:00:49]} h6 {[%emt 0:00:18]} 24. Rd8+ {[%emt 0:00:35]} Rxd8 {[%emt 0:00:
01]} 25. Qxd8+ {[%emt 0:00:01]} Kh7 {[%emt 0:00:03]} 26. Qd4 {[%emt 0:00:06]}
Qxd4 {[%emt 0:00:18]} 27. exd4 {[%emt 0:00:01]} Kg6 {[%emt 0:00:08]} 28. f3 {
[%emt 0:00:03]} f5 {[%emt 0:00:23]} 29. Nc3 {[%emt 0:00:35]} Kf6 {[%emt 0:00:
02]} 30. f4 {[%emt 0:00:12]} Ke7 {[%emt 0:00:12]} 31. Kf2 {[%emt 0:00:03]} Kd6
{[%emt 0:00:05]} 32. Ke3 {[%emt 0:00:16]} b5 {[%emt 0:00:22]} 33. b3 {[%emt 0:
00:27]} b4 {[%emt 0:00:23]} 34. Na4 {[%emt 0:00:19]} Bb7 {[%emt 0:00:03]} 35.
g3 {[%emt 0:00:08]} Be4 {[%emt 0:00:01]} 36. Nc5 {[%emt 0:00:05]} g5 {[%emt 0:
01:01]} 37. Nxe4+ {[%emt 0:00:39]} fxe4 {[%emt 0:00:09]} 38. Kxe4 {[%emt 0:00:
01]} g4 {[%emt 0:00:08]} 39. Ke3 {[%emt 0:00:35]} Kc6 {[%emt 0:00:14]} 40. Ke4
{[%emt 0:00:06]} Kd6 1/2-1/2

[Event "Orlická šachovnice 2022"]
[Site "Usti nad Orlici"]
[Date "2022.04.09"]
[Round "6.1"]
[White "Bara, Jan"]
[Black "Dusanek, Michal"]
[Result "1/2-1/2"]
[WhiteElo "1597"]
[BlackElo "1725"]
[PlyCount "88"]
[EventDate "2022.04.09"]

{[%evp 0,22,23,-11,4,-15,45,39,73,41,75,63,29,-26,18,7,15,23,27,29,42,26,84,35,
106]} 1. c4 {[%emt 0:00:12]} Nf6 {[%emt 0:00:02]} 2. Nc3 {[%emt 0:00:03]} g6 {
[%emt 0:00:05]} 3. d4 {[%emt 0:00:04]} d5 {[%emt 0:00:03]} 4. Nf3 {[%emt 0:00:
12]} Bg7 {[%emt 0:00:05]} 5. Bg5 {[%emt 0:00:09]} Ne4 {[%emt 0:00:55]} 6. Bh4 {
[%emt 0:00:39]} Nxc3 {[%emt 0:00:46]} 7. bxc3 dxc4 {[%emt 0:00:16]} 8. Qa4+ {
[%emt 0:00:20]} Bd7 {[%emt 0:00:32]} 9. Qxc4 {[%emt 0:00:13]} O-O {[%emt 0:00:
39]} 10. e4 {[%emt 0:00:25]} a6 {[%emt 0:00:44]} 11. Qb4 {[%emt 0:00:36]} Re8 {
[%emt 0:02:44]} 12. Qxb7 {[%emt 0:01:57]} Nc6 {[%emt 0:00:52]} 13. Bg3 {
[%emt 0:01:11]} e5 {[%emt 0:00:50]} 14. dxe5 {[%emt 0:01:53]} Nxe5 {[%emt 0:00:
14]} 15. Nxe5 {[%emt 0:01:32]} Bxe5 {[%emt 0:00:02]} 16. Bxe5 {[%emt 0:00:14]}
Rxe5 {[%emt 0:00:02]} 17. Bd3 {[%emt 0:00:18]} Qe8 {[%emt 0:01:57]} 18. O-O {
[%emt 0:00:35]} Bc6 {[%emt 0:00:34]} 19. Qxc7 {[%emt 0:00:04]} Rc8 {[%emt 0:00:
20]} 20. Qb6 {[%emt 0:00:16]} Bxe4 {[%emt 0:00:11]} 21. Bxe4 {[%emt 0:00:33]}
Rxe4 {[%emt 0:00:02]} 22. Qxa6 {[%emt 0:00:03]} Rxc3 {[%emt 0:00:07]} 23. a4 {
[%emt 0:00:06]} Rcc4 {[%emt 0:00:24]} 24. Qb5 {[%emt 0:00:23]} Qxb5 {[%emt 0:
00:42]} 25. axb5 Rb4 {[%emt 0:00:02]} 26. Rab1 {[%emt 0:00:03]} Kf8 {[%emt 0:
00:06]} 27. f3 {[%emt 0:00:09]} Red4 {[%emt 0:00:05]} 28. Kf2 {[%emt 0:00:05]}
Ke7 {[%emt 0:00:02]} 29. Ke3 {[%emt 0:00:02]} Kd6 {[%emt 0:00:05]} 30. Rfc1 {
[%emt 0:00:13]} Rdc4 {[%emt 0:00:06]} 31. Rxc4 {[%emt 0:00:28]} Rxb1 {[%emt 0:
00:01]} 32. Rf4 {[%emt 0:00:02]} f5 {[%emt 0:00:04]} 33. Rh4 {[%emt 0:00:06]}
h5 {[%emt 0:00:03]} 34. Kf4 {[%emt 0:00:04]} Ke7 {[%emt 0:00:04]} 35. Kg5 {
[%emt 0:00:04]} Kf7 {[%emt 0:00:03]} 36. Rc4 Rxb5 {[%emt 0:00:03]} 37. Rc7+ Ke6
{[%emt 0:00:04]} 38. Kxg6 Rb2 {[%emt 0:00:03]} 39. Rc6+ {[%emt 0:00:21]} Ke5 {
[%emt 0:00:04]} 40. Rc5+ {[%emt 0:00:02]} Ke6 {[%emt 0:00:03]} 41. Kxh5 {
[%emt 0:00:11]} Rxg2 {[%emt 0:00:02]} 42. h4 {[%emt 0:00:02]} Rg3 {[%emt 0:00:
03]} 43. Rc3 {[%emt 0:00:02]} f4 {[%emt 0:00:04]} 44. Kh6 {[%emt 0:00:02]} Ke5
{[%emt 0:00:07]} 1/2-1/2

[Event "Orlická šachovnice 2022"]
[Site "Usti nad Orlici"]
[Date "2022.04.09"]
[Round "6.2"]
[White "Jun, Robert"]
[Black "Kobr, Matej"]
[Result "0-1"]
[WhiteElo "1518"]
[BlackElo "1508"]
[PlyCount "96"]
[EventDate "2022.04.09"]

{[%evp 0,23,23,17,50,23,49,24,29,29,31,51,38,29,42,18,93,32,-13,7,-50,-30,18,
-39,-32,-42]} 1. e4 {[%emt 0:00:01]} e6 {[%emt 0:00:02]} 2. d4 {[%emt 0:00:04]}
d5 {[%emt 0:00:02]} 3. exd5 {[%emt 0:00:20]} exd5 {[%emt 0:00:02]} 4. Nf3 {
[%emt 0:00:06]} Bd6 {[%emt 0:00:10]} 5. Nc3 {[%emt 0:00:15]} Nf6 {[%emt 0:00:
06]} 6. Bg5 {[%emt 0:00:09]} c6 {[%emt 0:00:06]} 7. Bd3 {[%emt 0:00:26]} Bg4 {
[%emt 0:00:15]} 8. O-O {[%emt 0:01:11]} O-O {[%emt 0:00:03]} 9. Re1 {[%emt 0:
00:14]} Nbd7 {[%emt 0:00:12]} 10. h3 {[%emt 0:00:26]} Bh5 {[%emt 0:00:09]} 11.
Be2 {[%emt 0:00:14]} Qb6 {[%emt 0:00:14]} 12. Rb1 {[%emt 0:00:27]} Rfe8 {
[%emt 0:00:14]} 13. Qd3 {[%emt 0:01:41]} Bg6 {[%emt 0:00:22]} 14. Qd2 {[%emt 0:
00:16]} Re7 {[%emt 0:01:33]} 15. Nh4 {[%emt 0:01:50]} Rae8 {[%emt 0:01:25]} 16.
Nxg6 {[%emt 0:00:19]} fxg6 {[%emt 0:00:32]} 17. Qd3 {[%emt 0:00:49]} Qc7 {
[%emt 0:01:17]} 18. Rbd1 {[%emt 0:00:15]} Bf4 {[%emt 0:00:59]} 19. Bxf4 {
[%emt 0:00:30]} Qxf4 {[%emt 0:00:01]} 20. g3 {[%emt 0:00:12]} Qd6 {[%emt 0:00:
15]} 21. Kf1 {[%emt 0:00:19]} Ne4 {[%emt 0:00:49]} 22. Nxe4 {[%emt 0:00:19]}
dxe4 {[%emt 0:00:01]} 23. Qc4+ {[%emt 0:00:06]} Kh8 {[%emt 0:00:09]} 24. Qb3 {
[%emt 0:00:17]} b6 {[%emt 0:00:31]} 25. Qe3 {[%emt 0:00:17]} Nf6 {[%emt 0:00:
33]} 26. c4 {[%emt 0:00:20]} Qd7 {[%emt 0:00:16]} 27. g4 {[%emt 0:00:25]} Rf7 {
[%emt 0:00:35]} 28. Qg3 {[%emt 0:00:31]} Ref8 {[%emt 0:00:11]} 29. Kg1 {
[%emt 0:00:29]} h6 {[%emt 0:00:45]} 30. Bf1 {[%emt 0:00:06]} Nh7 {[%emt 0:00:
09]} 31. Bg2 {[%emt 0:00:10]} Ng5 {[%emt 0:00:16]} 32. h4 {[%emt 0:00:04]} Nf3+
{[%emt 0:00:06]} 33. Bxf3 {[%emt 0:00:02]} Rxf3 {[%emt 0:00:03]} 34. Qg2 {
[%emt 0:00:04]} Qe7 {[%emt 0:00:10]} 35. d5 {[%emt 0:00:03]} cxd5 {[%emt 0:00:
14]} 36. cxd5 {[%emt 0:00:01]} Qc5 {[%emt 0:00:09]} 37. Re2 {[%emt 0:00:04]}
Qc4 {[%emt 0:00:05]} 38. Rdd2 {[%emt 0:00:05]} Qc1+ {[%emt 0:00:19]} 39. Kh2 {
[%emt 0:00:04]} Qc8 {[%emt 0:00:13]} 40. d6 {[%emt 0:00:04]} Qd7 {[%emt 0:00:
04]} 41. Rxe4 {[%emt 0:00:02]} R3f7 {[%emt 0:00:10]} 42. Qg3 {[%emt 0:00:11]}
Rd8 {[%emt 0:00:12]} 43. Kh3 {[%emt 0:00:07]} h5 {[%emt 0:00:03]} 44. Qg2 {
[%emt 0:00:09]} hxg4+ 45. Rxg4 {[%emt 0:00:02]} Rdf8 {[%emt 0:00:05]} 46. Qg3 {
[%emt 0:00:06]} Rf3 47. Qxf3 {[%emt 0:00:05]} Rxf3+ 48. Kh2 {[%emt 0:00:02]}
Qxg4 0-1

[Event "Orlická šachovnice 2022"]
[Site "Usti nad Orlici"]
[Date "2022.04.09"]
[Round "6.3"]
[White "Shvachko, Gleb"]
[Black "Hrdlicka, Jan"]
[Result "1-0"]
[WhiteElo "1723"]
[BlackElo "1402"]
[PlyCount "61"]
[EventDate "2022.04.09"]

{[%evp 0,26,23,23,28,24,44,36,36,28,72,26,40,27,72,11,68,62,74,21,43,34,57,48,
69,71,105,20,23]} 1. d4 {[%emt 0:00:02]} Nf6 {[%emt 0:00:03]} 2. Bf4 {[%emt 0:
00:01]} g6 {[%emt 0:00:13]} 3. Nf3 {[%emt 0:00:01]} Bg7 {[%emt 0:00:04]} 4. e3
{[%emt 0:00:01]} Nc6 {[%emt 0:00:19]} 5. Be2 {[%emt 0:00:02]} O-O {[%emt 0:00:
10]} 6. O-O {[%emt 0:00:02]} b6 {[%emt 0:00:18]} 7. c4 {[%emt 0:00:03]} e6 {
[%emt 0:00:30]} 8. Nc3 {[%emt 0:00:03]} Bb7 {[%emt 0:00:06]} 9. Qc2 {[%emt 0:
00:11]} d5 {[%emt 0:00:47]} 10. a3 {[%emt 0:00:12]} Re8 {[%emt 0:00:22]} 11.
Rfd1 {[%emt 0:00:02]} dxc4 {[%emt 0:00:24]} 12. Bxc4 {[%emt 0:00:03]} Qd7 {
[%emt 0:00:36]} 13. Ne5 {[%emt 0:00:08]} Nxe5 {[%emt 0:00:24]} 14. dxe5 {
[%emt 0:00:02]} Qc6 {[%emt 0:00:33]} 15. Bf1 {[%emt 0:00:19]} Nd5 {[%emt 0:00:
18]} 16. Rac1 {[%emt 0:00:16]} a6 {[%emt 0:00:40]} 17. Nxd5 {[%emt 0:00:09]}
Qxc2 {[%emt 0:00:04]} 18. Rxc2 {[%emt 0:00:04]} Bxd5 {[%emt 0:00:15]} 19. Rxc7
{[%emt 0:00:04]} a5 {[%emt 0:00:36]} 20. g4 {[%emt 0:00:07]} Bf3 {[%emt 0:00:
55]} 21. Rdd7 {[%emt 0:00:02]} Rf8 {[%emt 0:00:35]} 22. Bg2 {[%emt 0:00:15]}
Bxg2 {[%emt 0:00:11]} 23. Kxg2 Rab8 {[%emt 0:00:49]} 24. Ra7 {[%emt 0:00:28]}
h6 {[%emt 0:00:37]} 25. Bg3 {[%emt 0:00:02]} Bh8 {[%emt 0:02:05]} 26. f4 {
[%emt 0:00:07]} g5 {[%emt 0:00:21]} 27. f5 {[%emt 0:00:13]} exf5 {[%emt 0:00:
39]} 28. gxf5 f6 {[%emt 0:00:11]} 29. e6 {[%emt 0:00:03]} Rfe8 {[%emt 0:00:04]}
30. Bxb8 {[%emt 0:00:02]} Rxb8 {[%emt 0:00:03]} 31. e7 {[%emt 0:00:02]} 1-0

[Event "Orlická šachovnice 2022"]
[Site "Usti nad Orlici"]
[Date "2022.04.09"]
[Round "7.1"]
[White "Dusanek, Michal"]
[Black "Shvachko, Gleb"]
[Result "0-1"]
[WhiteElo "1725"]
[BlackElo "1723"]
[PlyCount "66"]
[EventDate "2022.04.09"]

{[%evp 0,25,23,23,23,13,27,29,41,31,5,-12,5,5,13,-5,-5,-4,6,-7,-4,-14,-5,-15,3,
-5,3,2]} 1. d4 {[%emt 0:00:02]} d5 {[%emt 0:00:01]} 2. Bf4 {[%emt 0:00:02]} Nf6
{[%emt 0:00:02]} 3. e3 Bf5 {[%emt 0:00:01]} 4. Nd2 {[%emt 0:00:14]} e6 {
[%emt 0:00:02]} 5. Be2 {[%emt 0:00:02]} Be7 {[%emt 0:00:02]} 6. Ngf3 {[%emt 0:
00:01]} Nbd7 {[%emt 0:00:02]} 7. Ne5 {[%emt 0:00:10]} Nxe5 {[%emt 0:00:04]} 8.
Bxe5 {[%emt 0:00:19]} Bd6 {[%emt 0:00:02]} 9. O-O {[%emt 0:00:20]} O-O {
[%emt 0:00:04]} 10. f4 {[%emt 0:00:26]} Bxe5 {[%emt 0:00:16]} 11. dxe5 {
[%emt 0:00:17]} Ne4 {[%emt 0:00:05]} 12. g4 {[%emt 0:00:50]} Nxd2 {[%emt 0:00:
05]} 13. Qxd2 {[%emt 0:00:02]} Be4 {[%emt 0:00:01]} 14. Bf3 {[%emt 0:00:29]}
Qh4 {[%emt 0:00:36]} 15. Bxe4 {[%emt 0:00:15]} dxe4 {[%emt 0:00:01]} 16. Qg2 {
[%emt 0:00:08]} Rfd8 {[%emt 0:00:21]} 17. Rad1 {[%emt 0:00:23]} Rd5 {[%emt 0:
00:12]} 18. Qe2 {[%emt 0:01:06]} Rad8 {[%emt 0:00:14]} 19. Kg2 {[%emt 0:00:23]}
Qe7 {[%emt 0:00:37]} 20. Rxd5 {[%emt 0:00:51]} Rxd5 {[%emt 0:00:13]} 21. Rd1 {
[%emt 0:00:32]} Qc5 {[%emt 0:00:27]} 22. c4 {[%emt 0:00:54]} Rxd1 {[%emt 0:00:
22]} 23. Qxd1 {[%emt 0:00:01]} g6 {[%emt 0:00:14]} 24. Qd4 {[%emt 0:00:44]} Qb6
{[%emt 0:02:04]} 25. Qxb6 {[%emt 0:00:54]} axb6 {[%emt 0:00:02]} 26. Kg3 {
[%emt 0:01:18]} Kg7 {[%emt 0:00:17]} 27. Kh4 {[%emt 0:00:28]} h6 {[%emt 0:00:
41]} 28. Kg3 {[%emt 0:00:19]} f6 {[%emt 0:00:16]} 29. h4 {[%emt 0:00:12]} f5 {
[%emt 0:00:19]} 30. h5 {[%emt 0:00:40]} fxg4 {[%emt 0:01:06]} 31. hxg6 {
[%emt 0:01:03]} h5 {[%emt 0:00:12]} 32. f5 {[%emt 0:00:12]} exf5 {[%emt 0:00:
02]} 33. e6 {[%emt 0:00:02]} Kxg6 {[%emt 0:00:02]} 0-1

[Event "Orlická šachovnice 2022"]
[Site "Usti nad Orlici"]
[Date "2022.04.09"]
[Round "7.2"]
[White "Kobr, Matej"]
[Black "Bara, Jan"]
[Result "0-1"]
[WhiteElo "1508"]
[BlackElo "1597"]
[PlyCount "87"]
[EventDate "2022.04.09"]

{[%evp 0,30,23,-16,-10,-22,1,-12,16,-5,4,-13,-13,-5,8,7,28,25,-5,13,34,31,24,
-14,-37,-11,-11,-21,-20,3,33,33,30]} 1. b3 {[%emt 0:00:03]} d5 {[%emt 0:00:04]}
2. Bb2 {[%emt 0:00:02]} Nf6 {[%emt 0:00:04]} 3. Nf3 {[%emt 0:00:03]} g6 {
[%emt 0:00:02]} 4. e3 {[%emt 0:00:02]} Bg7 5. c4 {[%emt 0:00:03]} O-O {[%emt 0:
00:05]} 6. Be2 {[%emt 0:00:08]} a6 {[%emt 0:00:27]} 7. O-O {[%emt 0:00:09]}
dxc4 8. Bxc4 {[%emt 0:00:04]} b5 {[%emt 0:00:02]} 9. Be2 {[%emt 0:00:04]} Bb7 {
[%emt 0:00:02]} 10. d4 {[%emt 0:00:05]} Nbd7 {[%emt 0:00:08]} 11. Nc3 {[%emt 0:
00:09]} c5 {[%emt 0:00:04]} 12. dxc5 {[%emt 0:01:16]} Nxc5 {[%emt 0:00:05]} 13.
Rc1 {[%emt 0:00:37]} Qb6 {[%emt 0:00:35]} 14. b4 {[%emt 0:00:40]} Nce4 {
[%emt 0:00:45]} 15. Nxe4 {[%emt 0:00:33]} Bxe4 {[%emt 0:00:11]} 16. Bd4 {
[%emt 0:00:31]} Qb7 {[%emt 0:00:46]} 17. Qb3 {[%emt 0:01:08]} Bd5 {[%emt 0:00:
20]} 18. Qb2 {[%emt 0:00:02]} Rac8 {[%emt 0:01:33]} 19. a3 {[%emt 0:01:02]}
Rxc1 {[%emt 0:01:22]} 20. Rxc1 {[%emt 0:00:05]} Rc8 {[%emt 0:00:03]} 21. Rxc8+
{[%emt 0:01:02]} Qxc8 {[%emt 0:00:03]} 22. Ne1 {[%emt 0:00:30]} Bc4 {[%emt 0:
01:25]} 23. Bf3 {[%emt 0:01:08]} Bd5 {[%emt 0:00:27]} 24. Bxd5 {[%emt 0:00:17]}
Nxd5 {[%emt 0:00:01]} 25. Bxg7 {[%emt 0:00:03]} f6 {[%emt 0:00:08]} 26. Bh6 {
[%emt 0:00:19]} g5 {[%emt 0:00:27]} 27. h4 {[%emt 0:00:09]} gxh4 {[%emt 0:01:
07]} 28. Qd4 {[%emt 0:00:21]} Qc6 {[%emt 0:00:42]} 29. Bf4 {[%emt 0:01:17]} e5
{[%emt 0:00:17]} 30. Bxe5 {[%emt 0:00:06]} fxe5 {[%emt 0:00:01]} 31. Qxe5 {
[%emt 0:00:04]} Kf7 {[%emt 0:00:31]} 32. Qf5+ {[%emt 0:00:03]} Nf6 {[%emt 0:00:
04]} 33. Qc5 {[%emt 0:00:30]} Qxc5 {[%emt 0:00:39]} 34. bxc5 {[%emt 0:00:01]}
Ke6 35. f3 {[%emt 0:00:05]} Nd7 {[%emt 0:00:08]} 36. Nd3 Kd5 {[%emt 0:00:06]}
37. Kf2 {[%emt 0:00:04]} Nxc5 {[%emt 0:00:07]} 38. Nxc5 {[%emt 0:00:03]} Kxc5 {
[%emt 0:00:01]} 39. f4 a5 {[%emt 0:00:04]} 40. f5 {[%emt 0:00:01]} b4 41. axb4+
{[%emt 0:00:07]} axb4 {[%emt 0:00:01]} 42. Ke2 {[%emt 0:00:02]} Kd5 {[%emt 0:
00:03]} 43. Kd3 {[%emt 0:00:01]} Ke5 44. Kc4 {[%emt 0:00:01]} 0-1

[Event "Orlická šachovnice 2022"]
[Site "Usti nad Orlici"]
[Date "2022.04.09"]
[Round "7.3"]
[White "Kafka, Ondrej"]
[Black "Stary, Vojtech"]
[Result "0-1"]
[WhiteElo "1150"]
[BlackElo "1563"]
[PlyCount "72"]
[EventDate "2022.04.09"]

{[%evp 0,28,23,-13,-13,-22,-22,-52,-25,-51,-52,-71,-40,-57,-38,-40,-24,-60,-48,
-17,-1,-85,-13,-53,-42,-179,-179,-270,-280,-308,-286]} 1. g3 {[%emt 0:00:01]}
d5 {[%emt 0:00:02]} 2. Bg2 {[%emt 0:00:04]} e5 3. Nf3 {[%emt 0:00:02]} Nc6 {
[%emt 0:00:02]} 4. d3 {[%emt 0:00:02]} Nf6 {[%emt 0:00:04]} 5. Nbd2 {[%emt 0:
00:04]} Bd6 {[%emt 0:00:04]} 6. b3 {[%emt 0:00:05]} Bd7 {[%emt 0:00:15]} 7. Bb2
{[%emt 0:00:01]} Qe7 {[%emt 0:00:06]} 8. c4 {[%emt 0:00:10]} d4 {[%emt 0:00:04]
} 9. O-O {[%emt 0:00:02]} O-O {[%emt 0:01:18]} 10. Re1 {[%emt 0:00:20]} h6 {
[%emt 0:00:32]} 11. Qc2 {[%emt 0:01:09]} Bf5 {[%emt 0:00:39]} 12. e3 {[%emt 0:
01:07]} Nb4 {[%emt 0:00:17]} 13. Qc1 {[%emt 0:00:15]} Nxd3 {[%emt 0:00:02]} 14.
Qc2 {[%emt 0:00:23]} Nxe1 {[%emt 0:00:08]} 15. Qxf5 {[%emt 0:00:02]} Nxf3+ {
[%emt 0:00:07]} 16. Qxf3 {[%emt 0:00:05]} dxe3 {[%emt 0:00:08]} 17. Qxe3 {
[%emt 0:00:05]} c6 {[%emt 0:00:10]} 18. Re1 {[%emt 0:00:43]} Qc7 {[%emt 0:00:
15]} 19. Ne4 {[%emt 0:00:31]} Nxe4 {[%emt 0:00:14]} 20. Qxe4 f5 {[%emt 0:00:28]
} 21. Qc2 {[%emt 0:00:33]} e4 {[%emt 0:00:13]} 22. c5 {[%emt 0:00:16]} Be5 {
[%emt 0:00:15]} 23. Qc4+ {[%emt 0:00:18]} Kh8 {[%emt 0:00:05]} 24. Bc1 {
[%emt 0:00:58]} Rad8 {[%emt 0:00:49]} 25. h4 {[%emt 0:00:35]} Qf7 {[%emt 0:00:
18]} 26. Qa4 {[%emt 0:01:11]} a6 {[%emt 0:00:19]} 27. Be3 {[%emt 0:00:34]} Qh5
{[%emt 0:00:45]} 28. Bh3 {[%emt 0:00:16]} Rd1 {[%emt 0:00:20]} 29. Qb4 {
[%emt 0:00:21]} Rxe1+ {[%emt 0:00:11]} 30. Qxe1 {[%emt 0:00:01]} Rd8 {[%emt 0:
00:05]} 31. Qb4 {[%emt 0:01:04]} Rd1+ {[%emt 0:00:19]} 32. Kh2 {[%emt 0:00:03]}
f4 {[%emt 0:01:50]} 33. Qxb7 {[%emt 0:00:27]} fxg3+ {[%emt 0:00:06]} 34. fxg3 {
[%emt 0:00:01]} Bxg3+ {[%emt 0:00:38]} 35. Kxg3 {[%emt 0:00:08]} Qf3+ {[%emt 0:
00:02]} 36. Kh2 {[%emt 0:00:04]} Rh1# {[%emt 0:00:02]} 0-1

[Event "Orlická šachovnice 2022"]
[Site "Usti nad Orlici"]
[Date "2022.04.09"]
[Round "8.1"]
[White "Shvachko, Gleb"]
[Black "Bara, Jan"]
[Result "0-1"]
[WhiteElo "1723"]
[BlackElo "1597"]
[PlyCount "112"]
[EventDate "2022.04.09"]

{[%evp 0,20,23,14,29,29,44,32,32,33,30,28,58,27,46,-9,29,-58,-65,-62,-11,-66,
-52]} 1. d4 Nf6 {[%emt 0:00:02]} 2. Bf4 g6 {[%emt 0:00:02]} 3. Nf3 Bg7 {
[%emt 0:00:01]} 4. e3 O-O {[%emt 0:00:02]} 5. Be2 d6 {[%emt 0:00:01]} 6. O-O {
[%emt 0:00:02]} Nbd7 7. c4 {[%emt 0:00:03]} c5 {[%emt 0:00:02]} 8. dxc5 {
[%emt 0:00:07]} Nxc5 {[%emt 0:00:03]} 9. Nc3 {[%emt 0:00:01]} Bf5 {[%emt 0:00:
24]} 10. h3 {[%emt 0:00:02]} Rc8 {[%emt 0:00:17]} 11. Rc1 {[%emt 0:00:09]} a6 {
[%emt 0:00:38]} 12. a3 {[%emt 0:00:04]} Nce4 {[%emt 0:00:06]} 13. Nxe4 {
[%emt 0:00:19]} Nxe4 {[%emt 0:00:02]} 14. Qb3 {[%emt 0:00:17]} Nc5 {[%emt 0:00:
32]} 15. Qa2 {[%emt 0:00:20]} Nd3 {[%emt 0:01:45]} 16. Bxd3 {[%emt 0:00:10]}
Bxd3 {[%emt 0:00:01]} 17. Rfd1 Be2 {[%emt 0:00:17]} 18. Rd2 {[%emt 0:00:01]}
Bxf3 {[%emt 0:00:05]} 19. gxf3 {[%emt 0:00:01]} Qd7 {[%emt 0:00:12]} 20. Rd5 {
[%emt 0:00:41]} Qxh3 {[%emt 0:01:12]} 21. Bg3 {[%emt 0:00:27]} Qe6 {[%emt 0:00:
16]} 22. Qb3 {[%emt 0:00:20]} Qf6 {[%emt 0:00:41]} 23. Rc3 {[%emt 0:01:08]}
Qxf3 {[%emt 0:00:36]} 24. Rcd3 {[%emt 0:00:12]} Qe2 {[%emt 0:00:20]} 25. Qxb7 {
[%emt 0:00:28]} Qxb2 {[%emt 0:00:13]} 26. Qxe7 {[%emt 0:00:24]} Rxc4 {[%emt 0:
00:54]} 27. Rxd6 {[%emt 0:00:30]} Qe2 {[%emt 0:00:28]} 28. Qd7 {[%emt 0:00:47]}
Qf3 {[%emt 0:01:00]} 29. Rd1 {[%emt 0:00:57]} Rg4 {[%emt 0:01:23]} 30. Qc6 {
[%emt 0:00:43]} Qxc6 {[%emt 0:00:06]} 31. Rxc6 {[%emt 0:00:01]} Ra4 {[%emt 0:
00:02]} 32. Bd6 {[%emt 0:00:20]} Re8 {[%emt 0:00:08]} 33. Rb1 {[%emt 0:00:06]}
Bf8 {[%emt 0:00:15]} 34. Bxf8 {[%emt 0:00:37]} Kxf8 {[%emt 0:00:09]} 35. Rbb6 {
[%emt 0:00:06]} Rxa3 {[%emt 0:00:03]} 36. Rxa6 {[%emt 0:00:01]} Rxa6 {[%emt 0:
00:04]} 37. Rxa6 Kg7 {[%emt 0:00:06]} 38. Kg2 {[%emt 0:00:02]} Re6 {[%emt 0:00:
04]} 39. Ra7 {[%emt 0:00:04]} g5 {[%emt 0:00:11]} 40. Kg3 {[%emt 0:00:03]} Kg6
{[%emt 0:00:02]} 41. Ra4 {[%emt 0:00:02]} h5 {[%emt 0:00:04]} 42. e4 {[%emt 0:
00:04]} h4+ {[%emt 0:00:11]} 43. Kg4 {[%emt 0:00:02]} Rxe4+ {[%emt 0:00:08]}
44. Rxe4 {[%emt 0:00:03]} f5+ 45. Kf3 {[%emt 0:00:10]} fxe4+ {[%emt 0:00:01]}
46. Kxe4 {[%emt 0:00:02]} Kf6 {[%emt 0:00:07]} 47. Ke3 {[%emt 0:00:13]} Kf5 {
[%emt 0:00:01]} 48. Kf3 g4+ {[%emt 0:00:02]} 49. Kg2 {[%emt 0:00:01]} Kf4 {
[%emt 0:00:03]} 50. Kh2 {[%emt 0:00:02]} Kf3 {[%emt 0:00:03]} 51. Kg1 Ke4 {
[%emt 0:00:26]} 52. Kh2 {[%emt 0:00:15]} Kd3 53. Kg2 {[%emt 0:00:15]} Ke2 {
[%emt 0:00:04]} 54. Kg1 {[%emt 0:00:02]} h3 {[%emt 0:00:03]} 55. Kh1 {[%emt 0:
00:03]} Kxf2 {[%emt 0:00:04]} 56. Kh2 {[%emt 0:00:02]} g3+ 0-1